Bytový dom

Guardado en:
Detalles Bibliográficos
Autor principal: Bugár, Sebastian (Autor)
Otros Autores: Bosák, Lukáš (Orientador)
Formato: Manuscrito Libro
Lenguaje:eslovaco
Publicado: 2023
Materias:
Acceso en línea:http://is.stuba.sk/zp/portal_zp.pl?podrobnosti=155774
https://opac.crzp.sk/?fn=detailBiblioForm&sid=D51643D01657CDEC2C97B1F06848
Etiquetas: Agregar Etiqueta
Sin Etiquetas, Sea el primero en etiquetar este registro!

MARC

LEADER 00000ntm a22000003a 4500
001 stuzp93770
003 SK-STU
005 20230914135724.9
007 ta
008 150427s2015----xo-----f-mn---000-0-slo-d
040 |a STU  |b slo 
041 0 |a slo 
100 1 |a Bugár, Sebastian  |u 010180  |4 aut  |U SvF Stavebná fakulta  |T SvF Katedra konštrukcií pozemných stavieb  |X 103702  |U V180  |Y 18  |7 103702 
242 0 1 |a Apartment building  |y eng 
245 1 0 |a Bytový dom 
260 |c 2023 
650 4 |a železobetónový nosný systém  |2 slo 
650 4 |a pultová strecha  |2 slo 
650 4 |a väzníkový systém zastrešenia  |2 slo 
650 4 |a Bytový dom  |2 slo 
650 4 |a individuálna bytová výstavba  |2 slo 
650 4 |a keramické murivo  |2 slo 
650 4 |a individual residential construction  |2 eng 
650 4 |a ceramic masonry  |2 eng 
650 4 |a load bearing system made of reinforced concrete  |2 eng 
650 4 |a apartment building  |2 eng 
650 4 |a single slope roof  |2 eng 
650 4 |a wood truss roofing system  |2 eng 
700 1 |a Bosák, Lukáš  |u 010180  |k Z1  |4 ths  |U SvF Stavebná fakulta  |T SvF Katedra konštrukcií pozemných stavieb  |X 57762  |U V180  |Y 18  |7 A000057762 
856 4 |u http://is.stuba.sk/zp/portal_zp.pl?podrobnosti=155774 
856 4 |u https://opac.crzp.sk/?fn=detailBiblioForm&sid=D51643D01657CDEC2C97B1F06848